Bibliographie de la langue latine : 1880-1948 /
Guardado en:
| Autor Principal: | |
|---|---|
| Formato: | Libro |
| Idioma: | French |
| Publicado: |
Paris :
Les Belles Lettres,
1951.
|
| Series: | Collection de bibliographie classique
|
| Materias: | |
| Etiquetas: |
Agregar Etiqueta
Sin Etiquetas, Sea el primero en etiquetar este registro!
|
| LEADER | 00639nam a22001815a 4500 | ||
|---|---|---|---|
| 001 | EHU.bham050021 | ||
| 005 | 20100309124706.0 | ||
| 008 | 041125s1951####fr############000#0#fre#d | ||
| 082 | 0 | 4 | |a 016.87 |2 15 |
| 100 | 1 | |a Cousin, Jean. | |
| 245 | 1 | 0 | |a Bibliographie de la langue latine : |b 1880-1948 / |c par Jean Cousin. |
| 260 | |a Paris : |b Les Belles Lettres, |c 1951. | ||
| 300 | |a xxiii, 368 p. ; |c 26 cm. | ||
| 490 | 0 | |a Collection de bibliographie classique | |
| 650 | 7 | |a Bibliografías. |2 unbist | |
| 650 | 7 | |a Lengua Latina. |2 unbist | |
| 830 | 0 | |a Collection de bibliographie classique | |
| 859 | |a AR-BHAM |b BIB. HUMANIDADES - Seccion BC |h 870.16 |i C836 |p BC1998/958 |v BC | ||
